Kierkegaard : fear and trembling (Record no. 48628)

MARC details
000 -LEADER
fixed length control field 00779nam a2200193 a 4500
008 - FIXED-LENGTH DATA ELEMENTS--GENERAL INFORMATION
fixed length control field 200723s2006 ||||||||||||||||| || u
020 ## - INTERNATIONAL STANDARD BOOK NUMBER
International Standard Book Number 9780521612692
050 ## - LIBRARY OF CONGRESS CALL NUMBER
Classification number BR 67 Kie
100 ## - MAIN ENTRY--PERSONAL NAME
Personal name Evans, C. Stephen
245 10 - TITLE STATEMENT
Title Kierkegaard : fear and trembling
Statement of responsibility, etc. Edited by C. Stephen Evans; Sylvia Walsh
260 ## - PUBLICATION, DISTRIBUTION, ETC.
Place of publication, distribution, etc. Cambridge
Name of publisher, distributor, etc. Cambridge University Press
Date of publication, distribution, etc. 2006
300 ## - PHYSICAL DESCRIPTION
Extent xxxvii, 115 pages : illustrations
490 ## - SERIES STATEMENT
Series statement Canbridge texts in the history of philosophy
650 ## - SUBJECT ADDED ENTRY--TOPICAL TERM
Topical term or geographic name entry element CHRISTIANITY--PHILOSOPHY
650 ## - SUBJECT ADDED ENTRY--TOPICAL TERM
Topical term or geographic name entry element PHILOSOPHY, MODERN
650 ## - SUBJECT ADDED ENTRY--TOPICAL TERM
Topical term or geographic name entry element JEWISH ETHICS
650 ## - SUBJECT ADDED ENTRY--TOPICAL TERM
Topical term or geographic name entry element FAITH AND REASON--CHRISTIANITY
995 ## - RECOMMENDATION 995 [LOCAL, UNIMARC FRANCE]
-- 31.47
-- CBU-MAIN LIBRARY (Kitwe)
-- 1
-- AVAILABLE
-- Jul 29, 2020
-- Main Library Open Access Collection
Holdings
Withdrawn status Lost status Source of classification or shelving scheme Damaged status Not for loan Home library Current library Shelving location Date acquired Total Checkouts Full call number Barcode Date last seen Price effective from Koha item type
          CBU-MAIN LIBRARY, KITWE. CBU-MAIN LIBRARY, KITWE.   11/30/2022   BR 67 Kie 750430 11/30/2022 11/30/2022 MONOGRAPH